书目信息 |
| 题名: |
民富论
|
|
| 作者: | 钟朋荣 著 | |
| 分册: | ||
| 出版信息: | 郑州 河南人民出版社 1999.04 |
|
| 页数: | 263页 | |
| 开本: | 32开 | |
| 丛书名: | ||
| 单 册: | ||
| 中图分类: | F092.7 | |
| 科图分类: | ||
| 主题词: | 经济思想史 | |
| 电子资源: | ||
| ISBN: | 7-215-04493-9 | |
| 000 | 00520nam0 2200193 45 | |
| 001 | 0010060806 | |
| 005 | 20001006085927.8 | |
| 010 | @a7-215-04493-9@d16.80元 | |
| 100 | @a20001006d1999 km y0chiy0120 ea | |
| 101 | 0 | @achi |
| 105 | @a z 000yy | |
| 200 | 1 | @a民富论@AMin Fu Lun@f钟朋荣 著@FZhong Peng Rong Zhu |
| 210 | @a郑州@c河南人民出版社@d1999.04 | |
| 215 | @a263页@d32开 | |
| 606 | 0 | @a经济思想史 |
| 690 | @aF092.7@v3 | |
| 701 | 0 | @a钟朋荣@4著 |
| 801 | @aCN@bPftUser@c20001006 | |
| 905 | @b166353@dF092.7@eZH739@f1 | |
| 民富论/钟朋荣 著.-郑州:河南人民出版社,1999.04 |
| 263页;32开 |
| ISBN 7-215-04493-9:16.80元 |
| ● |
| 相关链接 |
|
|
|
正题名:民富论
索取号:F092.7/ZH739
 
预约/预借
| 序号 | 登录号 | 条形码 | 馆藏地/架位号 | 状态 | 备注 |
| 1 | 166353 | 201663538 | 社科库409/409社科库 66排2列5层/ [索取号:F092.7/ZH739] | 在馆 |